Racionalidad e irracionalidad en la economía / (Registro nro. 4390)
[ vista simple ]
| 000 -LEADER | |
|---|---|
| fixed length control field | 01253nam a2200277Ia 4500 |
| 003 - CONTROL NUMBER IDENTIFIER | |
| control field | OSt |
| 005 - DATE AND TIME OF LATEST TRANSACTION | |
| control field | 20200605114847.0 |
| 008 - FIXED-LENGTH DATA ELEMENTS--GENERAL INFORMATION | |
| fixed length control field | 191128s1967 mx ad gr 000 0 spa d |
| 040 ## - CATALOGING SOURCE | |
| Original cataloging agency | CO-JMCR |
| Transcribing agency | CO-JMCR |
| 041 1# - LANGUAGE CODE | |
| Language code of text/sound track or separate title | spa |
| Language code of original | fra |
| 082 04 - DEWEY DECIMAL CLASSIFICATION NUMBER | |
| Classification number | 330.1 / |
| Item number | G581r |
| Edition number | 23 |
| 100 1# - MAIN ENTRY--PERSONAL NAME | |
| Personal name | Godelier, Maurice, |
| Relator term | autor |
| 9 (RLIN) | 4988 |
| 245 10 - TITLE STATEMENT | |
| Title | Racionalidad e irracionalidad en la economía / |
| Statement of responsibility, etc. | Maurice Godelier ; traducción Nicole Blanc |
| 250 ## - EDITION STATEMENT | |
| Edition statement | Primera edición |
| 260 ## - PUBLICATION, DISTRIBUTION, ETC. | |
| Place of publication, distribution, etc. | México : |
| Name of publisher, distributor, etc. | Siglo Veintiuno, |
| Date of publication, distribution, etc. | 1967 |
| 300 ## - PHYSICAL DESCRIPTION | |
| Extent | vii, 313 páginas : |
| Other physical details | gráficos a blanco y negro ; |
| Dimensions | 21 cm. |
| 490 0# - SERIES STATEMENT | |
| Series statement | Teoría y crítica |
| 505 ## - FORMATTED CONTENTS NOTE | |
| Formatted contents note | El tema -- Racionalidad de la teoría económica -- Racionalidad de los sistemas económicos |
| 520 ## - SUMMARY, ETC. | |
| Summary, etc. | La noción de racionalidad económica remite a un doble problema: el estudio del comportamiento económico de los inividuos en el seno de un sistema dado y el de las capacidades objetivasde evolución de tales sitemas. |
| 534 ## - ORIGINAL VERSION NOTE | |
| Introductory phrase | Rationalité et irrationalité en économie |
| 546 ## - LANGUAGE NOTE | |
| Language note | Traducido del francés |
| 650 14 - SUBJECT ADDED ENTRY--TOPICAL TERM | |
| Topical term or geographic name entry element | El capital |
| General subdivision | Crítica e interpretación |
| 9 (RLIN) | 4989 |
| 650 24 - SUBJECT ADDED ENTRY--TOPICAL TERM | |
| Topical term or geographic name entry element | Economía Economía |
| General subdivision | Teoría económica Capitalismo |
| 9 (RLIN) | 4990 |
| 700 1# - ADDED ENTRY--PERSONAL NAME | |
| Personal name | Blanc, Nicole, |
| Relator term | traductor |
| 9 (RLIN) | 4991 |
| 942 ## - ADDED ENTRY ELEMENTS (KOHA) | |
| Source of classification or shelving scheme | Dewey Decimal Classification |
| Koha item type | Books |
| Withdrawn status | Lost status | Source of classification or shelving scheme | Materials specified (bound volume or other part) | Damaged status | Not for loan | Home library | Current library | Shelving location | Date acquired | Source of acquisition | Cost, normal purchase price | Total Checkouts | Full call number | Barcode | Date last seen | Date last checked out | Copy number | Price effective from | Koha item type | Public note |
|---|---|---|---|---|---|---|---|---|---|---|---|---|---|---|---|---|---|---|---|---|
| Dewey Decimal Classification | Donación--16/11/2018-- | Biblioteca Pública José María del Castillo y Rada | Biblioteca Pública José María del Castillo y Rada | General Stacks | 11/28/2019 | Donación | 0.00 | 1 | 330.1 / G581r | 201811607 | 09/19/2024 | 09/19/2024 | Ej.1 | 11/28/2019 | Books | Ex libris: firma en la primera página. |